Animal Crossing - les Villageois Koalas [avec image] - Statistiques

Statistiques générales
  • Ce quiz a été pris 17 fois
  • Le résultat moyen est 5 sur 11
Statistiques - réponses
Par images Réponse % Correct
Melba
82%
Alice
64%
Koko
64%
Calypso
55%
Jamy
55%
Gonzo
45%
Kalyptus
45%
Koaline
36%
Kolala
36%
Kolette
36%
Tina
18%
Aucun quiz correspondant
Distribution des résultats
% des personnes avec chaque résultat
Percentile par nombre de réponses
Votre historique - résultats
Vous n’avez pas pris ce quiz